000 01133cam a22003497a 4500
003 CHAP
005 20220329142311.0
008 000524d1999 us a r 00110 eng d
010 _a81274
011 _a82246
020 _a047124483X
035 _a92735
040 _cCHAP
082 0 4 _a595.7
_bH83 1998
100 0 0 _aHuffaker, Carl Barton. ed.
_956772
245 1 0 _aEcological entomology
_c/ ed. by Carl Barton Huffaker and Andrew Paul Gutierrez.
250 _a2 ed.
260 _aNew York :
_bJohn Wiley & Sons,
_c1998.
300 _a756 p. :
_bilus. ; gráfs.
590 _aBATCH-UPD
_b10
_c20130110
_lUCH01
_h0720
590 _aBATCH-UPD
_b10
_c20130410
_lUCH01
_h0405
590 _aBATCH-UPD
_b10
_c20130914
_lUCH01
_h1042
590 _aCONVERSION
_b10
_c20130109
_lUCH01
_h1345
650 1 4 _aControl de plagas.
_927595
650 1 4 _aEcología de insectos.
_935172
650 1 4 _aEntomología.
_937113
700 0 _aGutierrez, Andrew Paul. ed.
_951599
901 _aBK
905 _aPatricia Mendoza P.
942 _cLIBRO
949 _a595.7 H83 1998
_bBC
_cLIBRO
_d33724000942033
_eLIBRO
_gI.203436
_h97549
_i92735
_sb
_t$1,307.00
999 _c81274
_d81274